| 000 | 00671nam a2200241 4500 | ||
|---|---|---|---|
| 001 | 24129 | ||
| 003 | BD-RjUL | ||
| 005 | 20211209001019.0 | ||
| 008 | 140312t1935 enk 001 0 eng d | ||
| 035 | _a(BD-RjUL)24195 | ||
| 040 |
_aDLC _cOCP _dEUX _dBD-RjUL _beng |
||
| 041 | _aeng | ||
| 082 | 0 | 4 |
_a634.928 _bJET 1935 |
| 100 | 1 |
_aJerram, Martyn Ralph Knight, _d1884- _974336 |
|
| 245 | 1 | 2 |
_aA text-book on forest management / _cby M. R. K. Jerram |
| 260 |
_aLondon : _bChapman & Hall, _c1935. |
||
| 300 |
_ax, 156 p. ; _c22 cm |
||
| 504 | _aIncludes index. | ||
| 650 | 0 |
_aForests and forestry. _974337 |
|
| 942 |
_2ddc _cBK |
||
| 999 |
_c24129 _d24129 |
||